Biblioteca

Travesía de la religión a Cristo : (Registro nro. 71133)

Detalles MARC
000 -LÍDER
Campo fijo de descripción fija 01607nam a2200397 i 4500
001 - NÚMERO DE CONTROL
Campo de control 768714001
003 - IDENTIFICADOR DEL NÚMERO DE CONTROL
Campo de control CO-MdFUSB
005 - FECHA Y HORA DE LA ULTIMA TRANSACCIÓN
control field 20260325145511.0
007 - CAMPO FIJO DE DESCRIPCIÓN FIJA--INFORMACIÓN GENERAL
Campo fijo de descripción fija ta
008 - ELEMENTOS DE LONGITUD FIJA -- INFORMACIÓN GENERAL
Campo fijo de descripción fija -- Información general 241103t2014 ck ||||| |||| 001 0 spa d
020 ## - NÚMERO INTERNACIONAL NORMALIZADO PARA LIBROS
Número Internacional Normalizado del libro 978-958-57182-9-6
040 ## - FUENTE DE CATALOGACIÓN
Idioma de catalogación spa.
Agencia de catalogación original CO-MdFUSB
Agencia que realiza la transcripción CO-MdFUSB
Agencia que realiza la modificación CO-MdFUSBC
Convenciones de la descripción rda
041 ## - CÓDIGO DE IDIOMA
Código de idioma para texto/pista de sonido o título separado spa
Código de idioma original eng
082 ## - NÚMERO DE CLASIFICACIÓN DECIMAL DEWEY
Número de la edición del Dewey 23
Número de clasificación 248.2
Clave de autor-Numero de item SE484
100 ## - ASIENTO PRINCIPAL--NOMBRE PERSONAL
Nombre personal Serge, Joe,
Término relacionador autor
240 ## - TITULO UNIFORME
Título uniforme <a href="Two men from Malta ">Two men from Malta </a>
245 1# - TÍTULO
Título del Material Travesía de la religión a Cristo :
Parte restante del título - Subtitulo memorias de un periodista canadiense y San Pablo
Mención de responsabilidad, etc. / Joe Serge , Joel Nederhood ; traducido por Cynthia Canales
264 #1 - PRODUCCIÓN, PUBLICACIÓN, DISTRIBUCIÓN, MANUFACTURA, Y COPYRIGHT
Lugar de producción, publicación, distribución, manufactura Medellín, Colombia :
Nombre del productor, publicador, distribuidor Poiema,
Fecha de producción, publicación, distribución, manufactura, o copyright [2014]
264 #4 - PRODUCCIÓN, PUBLICACIÓN, DISTRIBUCIÓN, MANUFACTURA, Y COPYRIGHT
Fecha de producción, publicación, distribución, manufactura, o copyright ©2014
300 ## - DESCRIPCIÓN FÍSICA
Extensión 182 páginas
Dimensiones ; 20 cm
336 ## - TIPO DE CONTENIDO
Fuente rdacontent
Término de tipo de contenido texto
Código de tipo de contenido txt
337 ## - TIPO DE MEDIO
Fuente rdamedia
Nombre del tipo de medio sin mediación
Código del tipo de medio n
338 ## - TIPO DE SOPORTE
Fuente rdacarrier
Nombre del tipo de soporte volumen
Código Tipo de soporte nc
500 ## - NOTA GENERAL
Nota General Incluye índice
505 ## - NOTA DE CONTENIDO
Nota de contenido con formato preestablecido Pasando por Malta: mi encuentro con San Pablo. -- La conversión de uno que odiaba a Cristo. -- Un católico devoto. -- El camino de la cruz. -- Salvado por fe. -- Predestinación. -- Jesús pagó todo. -- Orgullo. -- Gracia para hoy y siempre. -- Religión hecha por el hombre. -- María, la madre de Jesús. -- La misa. -- ¿Qué importa todo esto?
563 ## - NOTA DE ENCUADERNACIÓN
Nota de encuadernación Rústico
650 #7 - ASIENTO SECUNDARIO DE MATERIA - TERMINO TEMÁTICO
Término temático o nombre geográfico como elemento de entrada Religión
9 (RLIN) 385
650 #7 - ASIENTO SECUNDARIO DE MATERIA - TERMINO TEMÁTICO
Término temático o nombre geográfico como elemento de entrada Cristianismo
9 (RLIN) 22
653 ## - TÉRMINO DE INDIZACIÓN - NO CONTROLADO
Término no controlado Conversión personal
653 ## - TÉRMINO DE INDIZACIÓN - NO CONTROLADO
Término no controlado Encuentro con Cristo
653 ## - TÉRMINO DE INDIZACIÓN - NO CONTROLADO
Término no controlado Experiencia espiritual
700 ## - ASIENTO SECUNDARIO - NOMBRE PERSONAL
Nombre personal Nederhood, Joel H.
9 (RLIN) 11015
Responsabilidad autor
700 ## - ASIENTO SECUNDARIO - NOMBRE PERSONAL
Nombre personal Piñeda Canales, Cynthia
9 (RLIN) 741
Responsabilidad traductor
942 ## - TIPO DE MATERIAL (KOHA)
Tipo de Item KOHA Libros General
945 ## - INFORMACIÓN LOCAL DEL REGISTRO
Catalogador Catherine Arias Alvarez
Existencias
Estado de Material Estado de Perdido Forma de Clasificación Volumen-Parte/Tomo Estado de Dañado No para Préstamo Colección Tomo Biblioteca de Origen Biblioteca Permanente Fecha de Adquisición Área Total de Préstamos Signatura Topográfica Código de Barras Última vez visto Ejemplar/Existencia Fecha de Remplazo Tipo de Material
    Dewey Decimal Classification       Colección General   Biblioteca FUSBC Biblioteca FUSBC 31/10/2024 VIDA CRISTIANA   G 248.2 SE484t 25218 03/11/2024 Ej. 1 03/11/2024 Libros General

Biblioteca FUSBC | Teléfono: (57+4) 349 88 10 Ext. 141| WhatsApp (+57) 3005338115 
E-mail: biblioteca@unisbc.edu.co | Calle 76 87-14 Robledo Palenque, Medellín, Colombia

Con tecnología Koha